| 000 | 00822nam a2200229 a 4500 | ||
|---|---|---|---|
| 003 | DO-SdBNP | ||
| 005 | 20221125075100.0 | ||
| 007 | ta | ||
| 008 | 221121e2022 sp ao||gr|||| 001 p spa d | ||
| 020 | _a9789993445319 | ||
| 040 |
_aDO-SdBNP _bspa _cBNPHU |
||
| 082 | 4 |
_222 _bR337c |
|
| 245 | 1 | 0 | _aReglamento de copropiedad del complejo ecoturístico Cacimbas de la Montaña (CM). / |
| 264 |
_aSanto Domingo : _bCocimbas de la Montaña, _c2022 |
||
| 300 |
_a[46] p. : _c21 cm. |
||
| 590 | _aInventariado 2022 / MF | ||
| 650 | 4 |
_962405 _aCacimbas de la Montaña _xReglamentos _zRepública Dominicana |
|
| 651 | 4 |
_aRepública Dominicana _vCacimbas de la Montaña _982867 |
|
| 651 | 0 |
_aRepública Dominicana _vCacimbas de la Montaña, Reglamentos _974550 _xTurismo y Desarrollo Sostenible |
|
| 910 | _aMFeliz | ||
| 942 |
_2ddc _cLBS1 |
||
| 999 |
_c52981 _d52981 |
||